000 00766cam a22002653a 4500
001 806
003 PGUSA
005 20140828082953.0
008 970201s1997||||xxu|||||s|||||000 | eng d
040 _aPGUSA
_beng
042 _adc
050 4 _aPA
100 1 _aSophocles,
_d-496--406
245 1 0 _aPhiloktetes
_h[electronic resource] /
_cSophocles
260 _bProject Gutenberg,
_c1997
506 _aCopyrighted. Read the copyright notice inside this book for details.
516 _aElectronic text
653 _aTragedies
653 _aPhiloctetes (Greek mythology) -- Drama
653 _aTrojan War -- Drama
700 1 _aMcNamee, Gregory,
_d1957-
830 0 _aProject Gutenberg
_v806
856 4 0 _uhttp://www.gutenberg.org/ebooks/806
942 _cEB
999 _c230157
_d230157